书目信息 |
| 题名: |
树立民族团结意识创新大学生德育
|
|
| 作者: | 杨维周, , 陈敦山, 主编 | |
| 分册: | ||
| 出版信息: | 北京 中国文史出版社 2015 |
|
| 页数: | 299页 | |
| 开本: | 25cm | |
| 丛书名: | 高校德育成果文库 | |
| 单 册: | ||
| 中图分类: | G751 | |
| 科图分类: | ||
| 主题词: | 民族地区--min zu di qu--地方高校--德育工作--研究--中国 | |
| 电子资源: | ||
| ISBN: | 978-7-5034-6168-2 | |
| 000 | 01283nam 2200301 450 | |
| 001 | 012001003514 | |
| 005 | 20130126105044.0 | |
| 010 | @a978-7-5034-6168-2@b精装@dCNY78.00 | |
| 099 | @aCAL 012015105247 | |
| 100 | @a20150612d2015 em y0chiy50 ea | |
| 101 | 0 | @achi |
| 102 | @aCN@b110000 | |
| 105 | @ay a 000yy | |
| 106 | @ar | |
| 200 | 1 | @a树立民族团结意识创新大学生德育@Ashu li min zu tuan jie yi shi chuang xin da xue sheng de yu@f杨维周, 陈敦山主编 |
| 210 | @a北京@c中国文史出版社@d2015 | |
| 215 | @a299页@d25cm | |
| 225 | 2 | @a高校德育成果文库@Agao xiao de yu cheng guo wen ku |
| 306 | @a西藏自治区教育厅与西藏民族学院资助出版 | |
| 320 | @a有书目 | |
| 330 | @a本书分四篇,分别为理论探索、思想政治理论课教学与实践、队伍建设及优秀人物风采、精彩教案介绍。以马列主义、毛泽东思想和中国特色社会主义理论体系为指导,在积极探索思想政治教育有关理论的基础上,对少数民族高校特别是西藏高校思想政治教育进行针对性地研究,分析西藏高校思想政治教育的特殊困难及其解决途径。 | |
| 410 | 0 | @12001^@a高校德育成果文库 |
| 606 | 0 | @a民族地区@Amin zu di qu@x地方高校@x德育工作@x研究@y中国 |
| 690 | @aG751@v5 | |
| 701 | 0 | @a杨维周,@Ayang wei zhou@f1961-@4主编 |
| 701 | 0 | @a陈敦山,@Achen dun shan@f1971-@4主编 |
| 801 | 2 | @aCN@b江苏凤凰@c20191020 |
| 905 | @b1218135-8@dG751@e136@f4 | |
| 树立民族团结意识创新大学生德育/杨维周, 陈敦山主编.-北京:中国文史出版社,2015 |
| 299页;25cm.-(高校德育成果文库) |
| ISBN 978-7-5034-6168-2(精装):CNY78.00 |
| 本书分四篇,分别为理论探索、思想政治理论课教学与实践、队伍建设及优秀人物风采、精彩教案介绍。以马列主义、毛泽东思想和中国特色社会主义理论体系为指导,在积极探索思想政治教育有关理论的基础上,对少数民族高校特别是西藏高校思想政治教育进行针对性地研究,分析西藏高校思想政治教育的特殊困难及其解决途径。 |
| ● |
| 相关链接 |
|
|
|
|
正题名:树立民族团结意识创新大学生德育
索取号:G751/136
 
预约/预借
| 序号 | 登录号 | 条形码 | 馆藏地/架位号 | 状态 | 备注 |
| 1 | 1218135 | 212181351 | 第一样本阅览室/ [索取号:G751/136] | 在馆 | |
| 2 | 1218136 | 212181360 | 教育系资料室/ [索取号:G751/136] | 在馆 | |
| 3 | 1218137 | 212181379 | 教育系资料室/ [索取号:G751/136] | 在馆 | |
| 4 | 1218138 | 212181388 | 第四借阅区/ [索取号:G751/136] | 在馆 |